000 01003nam a2200265 a 4500
003 BLK
005 20250623132513.0
008 210309b bu ||||| |||| 00| 0 bu d
020 _a9786192740061
040 _aBLK
041 _aBUL
_cBUL
080 _aСловенска литература
_b821.163.6
_z821.163.6-93-91
_9238627
084 _aК 89
100 _9442802
_aКралич, Хелена
245 _aАлекс и книгите
_cХелена Кралич; прев. и стих. Любомир Николов; ил. Полона Ловшин.
260 _9209582
_aСофия
_bСофтПрес
_c2024
300 _a36 с.
_bс цв. ил.
_c28 см
380 _aDX
700 _9599
_aЛовшин, Полона
_eил.
700 _9254403
_aНиколов, Любомир Гергов, 1954-
942 _cKNG
_n0
_s1
_020
999 _c511600
_d511600
999 _d400429
944 _a30545
_cНора Радева
_k30551
_lБояна Костадинова